000 00427nam a22001697a 4500
005 20180710121103.0
008 160524b xxu||||| |||| 00| 0 eng d
020 _a0-7069-9777-8
041 _aeng
082 _b4727
_a658.15
100 _aPandey, I.M.
_94510
245 _aEssentials of Financial Management
260 _aNew Delhi
_bAcademic Faundation
_c1998
300 _a379p,
650 _aManagement
_9241
942 _cBK
999 _c1598
_d1597